| 000 | 01063nam a2200253Ia 4500 | ||
|---|---|---|---|
| 999 |
_c37604 _d37604 |
||
| 001 | 3576 | ||
| 003 | GE_BSU | ||
| 005 | 20190528155419.0 | ||
| 008 | 181216s1986||||ge |||||||||||||| ||geo|| | ||
| 040 | _cGE_BSU | ||
| 041 | _ageo | ||
| 080 | _a514.12(075.8) ა-61 | ||
| 245 |
_aანალიზური გეომეტრია : დამხ.სახელმძღ. / _cლ.ბერიძე ; ბ.კვიჟინიძე ; ი. მამუჩიშვილი და სხვ.; რედ : მ.ძიძიგური . |
||
| 264 |
_aთბილისი : _bსპი, _c1986. |
||
| 300 |
_a160 გვ .: _c20 სმ. |
||
| 653 | _aანალიზური გეომეტრია | ||
| 653 | _aგეომეტრია | ||
| 653 | _aმათემატიკა | ||
| 700 |
_aბერიძე, ლ _91673 |
||
| 700 |
_aკვიჟინიძე, ბ _91731 |
||
| 700 |
_a მამუჩიშვილი,ი. _91732 |
||
| 700 |
_aძიძიგური, მ _eრედაქტორი _9472 |
||
| 942 |
_cBK _2udc |
||